000 00913nam a22002897a 4500
003 CHAP
005 20220329140832.0
008 971013s r 00010 d
010 _a58371
011 _a59343
035 _a63501
040 _cCHAP
090 _aR-1535
100 0 0 _aStuber, C. W.
_9110048
245 _aGenetic control and racial variation of B-glucosidase isozymes in maize (Zea mays L.)
500 _aSobretiro de: Biochemical Genetics 15 (3/4) : 383-394, 1977
590 _aBATCH-UPD
_b10
_c20130110
_lUCH01
_h0517
590 _aBATCH-UPD
_b10
_c20130410
_lUCH01
_h0156
590 _aBATCH-UPD
_b10
_c20130914
_lUCH01
_h1312
590 _aCONVERSION
_b10
_c20130109
_lUCH01
_h1331
650 1 4 _aEnzimas.
_937195
650 1 4 _aMaíz
_xGenética.
_970963
650 1 4 _aMaíz
_xVariedades.
_971081
901 _aBK
942 _cREIMP
949 _aR-1535
_bBC
_cR
_d-136371
_eTS1
_i63501
_mD Hdz.X.
_si
999 _c58371
_d58371